Statystyki dla Rozwiń Skrót -Czy znasz ten skrótowiec/akronim?

Kliknij tutaj aby rozwiązać quiz!

Ogólne statystyki

  • Ten quiz został rozwiązany 3 683 razy
    (1 169 od ostatniego zresetowania)
  • Średni wynik to 18 z 55

Statystyki odpowiedzi

AkronimOdpowiedź% Poprawnych
NBPNarodowy Bank Polski
87%
RPRzeczpospolita Polska
84%
UEUnia Europejska
81%
NFZNarodowy Fundusz Zdrowia
68%
ONZOrganizacja Narodów Zjednoczonych
68%
PRLPolska Rzeczpospolita Ludowa
68%
ZSRRZwiązek Socjalistycznych Republik Radzieckich
68%
PKPPolskie Koleje Państwowe
64%
BHPBezpieczeństwo i Higiena Pracy
59%
RFNRepublika Federalna Niemiec
58%
NRDNiemiecka Republika Demokratyczna
54%
GUSGłówny Urząd Statystyczny
52%
MSWMinisterstwo Spraw Wewnętrznych
52%
MSZMinisterstwo Spraw Zagranicznych
51%
UWUniwersytet Warszawski
51%
AGDArtykuły Gospodarstwa Domowego
45%
ChRLChińska Republika Ludowa
44%
ZHPZwiązek Harcerstwa Polskiego
43%
CVCurriculum Vitae
42%
PZPRPolska Zjednoczona Partia Robotnicza
42%
IPNInstytut Pamięci Narodowej
40%
KULKatolicki Uniwersytet Lubelski
37%
KENKomisja Edukacji Narodowej
36%
FSOFabryka Samochodów Osobowych
34%
Uniwersytet Łódzki
32%
NIKNajwyższa Izba Kontroli
28%
PKiNPałac Kultury i Nauki
28%
PZUPowszechny Zakład Ubezpieczeń
26%
SKMSzybka Kolej Miejska
26%
KRLDKoreańska Republika Ludowo-Demokratyczna
25%
ZTMZarząd Transportu Miejskiego
22%
PWNPaństwowe Wydawnictwo Naukowe
21%
PKSPaństwowa Komunikacja Samochodowa
19%
OHPOchotnicze Hufce Pracy
17%
PAHPolska Akcja Humanitarna
16%
KNFKomisja Nadzoru Finansowego
15%
MKOlMiędzynarodowy Komitet Olimpijski
15%
NSZZNiezależny Samorządny Związek Zawodowy
14%
WIGWarszawski Indeks Giełdowy
14%
NSZNarodowe Siły Zbrojne
13%
ZKMZakład Komunikacji Miejskiej
13%
AWSAkcja Wyborcza Solidarność
11%
OZEOdnawialne Źródła Energii
11%
RWPGRada Wzajemnej Pomocy Gospodarczej
10%
BIKBiuro Informacji Kredytowej
9%
OBOPOśrodek Badania Opinii Publicznej
9%
SKOKSpółdzielcza Kasa Oszczędnościowo-Kredytowa
9%
MPiPSMinisterstwo Pracy i Polityki Społecznej
8%
MRiRWMinisterstwo Rolnictwa i Rozwoju Wsi
8%
BGKBank Gospodarstwa Krajowego
7%
NSRNarodowe Siły Rezerwowe
7%
OBWEOrganizacja Bezpieczeństwa i Współpracy w Europie
7%
PARPPolska Agencja Rozwoju Przedsiębiorczości
3%
KIGKrajowa Izba Gospodarcza
2%
MIRMinisterstwo Infrastruktury i Rozwoju
1%

Rozkład punktacji

Percentyl według liczby udzielonych odpowiedzi

Procent ludzi z każdym wynikiem

Twoja historia wyników

Nie rozwiązałeś tego quizu od ostatniego zresetowania